000 00903nam0a22002651 4500
001 rc\2772159
005 20250806210717.0
035 _a(NLR Aleph) 006898516
090 _a27371
_c27371
100 _a20110915d1941 u y0rusy50 ca
101 0 _arus
102 _aRU
105 _ay z |||||
200 1 _aЛунинцы - передовые бойцы армии железнодорожников
_fМ. С. Копелевич, А. И. Торсунов
210 _aМосква
_cТрансжелдориздат
_d1941
215 _a25, [3] с.
_d15 см.
700 1 _aКопелевич
_bМ.С.
_gМихаил Соломонович
701 1 _aТорсунов
_bА.И.
801 0 _aRU
_bNLR
_gpsbo
801 1 _aRU
_bELAR
_2rusmarc
852 _aNLR
_jЭк60 Г-2/40
942 _cBOOK
945 _aРоссийская национальная библиотека
980 _aNB
980 _aBV